000 00920nam a22002417a 4500
999 _c7147
_d7147
003 AR-CdUCM
008 190320b ||||| |||| 00| 0 spa d
040 _aMUNICIPALIDAD PROVINCIAL DEL CUSCO
_cBIBLIOTECA MUNICIPAL DEL CUSCO
082 _a510.02 /
_bS77
100 _aSpringer, Clifford H.
_919677
245 _aMétodos avanzados y modelos /
260 _aMéxico :
_bU.T.E.H.A
_c1972.
300 _a320 paginas ;
_c23 cm.
505 _aContenido :Matemática del interés compuesto -- Calculo de diferencias finitas -- Sucesiones, análisis y alisadura -- Análisis de los cambios o variaciones -- Modelos óptimos ...
650 _aMatemática analítica
_920152
650 _aModelos matemáticos
_96449
650 _aMétodos
_920153
700 _aHerlihy, Robert E.
_920154
700 _aBeggs, Robert I.
_920155
700 _aCervantes Malo, Jose (traductor)
_920156
942 _2ddc
_cLIBROS
945 _arum